Gaming Quiz

Random Gaming or Board Games Quiz

Monopoly (American) Quiz Stats

 Plays Quiz Updated Mar 31, 2014

     
Support Sporcle.
Go Orange.
Score 0/28 Timer 07:00
23 Plays Today
% Correct
Boardwalk
92.2%
Park
Place
88.9%
Baltic
Avenue
76.5%
Pennsylvania
Avenue
72.9%
Reading
Railroad
72.3%
Illinois
Avenue
70.1%
New
York
Avenue
69.3%
Indiana
Avenue
69%
B & O
Railroad
67.7%
Kentucky
Avenue
66.1%
Marvin
Gardens
65.2%
Connecticut
Avenue
62.6%
Water
Works
58.8%
Tennessee
Avenue
57%
% Correct
Electric
Company
56.1%
North
Carolina
Avenue
55.8%
Mediterranean
Avenue
55.7%
Vermont
Avenue
55.2%
St.
James
Place
54.7%
Virginia
Avenue
54.2%
Oriental
Avenue
52.9%
Atlantic
Avenue
52.7%
St.
Charles
Place
51.4%
Pennsylvania
Railroad
49.7%
Pacific
Avenue
47.1%
Short
Line
46.5%
Ventnor
Avenue
41.5%
States
Avenue
32%

From the Vault

Closing Lines III

by jakajaka

Movies 6m
These movies left the audience remembering them in exactly the right way.
Remove Ads.
Support Sporcle.
Get the best of Sporcle when you Go Orange. This ad-free experience offers more features, more stats, and more fun while also helping to support Sporcle. Thank you for becoming a member.

Show Comments

Extras

Top Quizzes Today


Score Distribution

Your Account Isn't Verified!

In order to create a playlist on Sporcle, you need to verify the email address you used during registration. Go to your Sporcle Settings to finish the process.

Report this User

Report this user for behavior that violates our Community Guidelines.

Details: